000
00468nam a2200181Ia 4500
008
090124s9999 xx 000 0 und d
082
_b
34879
100
_a
बोरकर वि.ज.
245
_a
वंश
250
_a
1
260
_b
मौज प्रकाशन गृह
_c
1996
300
_a
103
600
_a
बोरकर वि.ज.
630
_a
वंश
700
_a
बोरकर वि.ज.
730
_a
वंश
942
_c
BOOK
999
_c
100806
_d
100806